[Event "42nd POL-ch (w)"]
[Site "Konin POL"]
[Date "1990.03.??"]
[Round "1"]
[White "Erenska-Radzewska, Hanna"]
[Black "Klusek, Danuta"]
[Result "1-0"]
[WhiteElo "2270"]
[BlackElo "2150"]
[EventDate "1990.03.13"]
[PlyCount "81"]

1.e4 e5 2.Nf3 Nc6 3.Nc3 Nf6 4.Bb5 d6 5.d4 Bd7 6.O-O exd4 7.Nxd4 Be7 8.a4 
O-O 9.Re1 a6 10.Nxc6 Bxc6 11.Bxc6 bxc6 12.Re3 Re8 13.Rh3 Rb8 14.Qd3 Qc8 
15.b3 a5 16.Bd2 h6 17.Re1 Bf8 18.Nd1 d5 19.exd5 Nxd5 20.Rf3 Bb4 21.c3 Bd6 
22.Qc4 Rxe1+ 23.Bxe1 Qe6 24.Ne3 Re8 25.g3 Qd7 26.Bd2 Nf6 27.Nf5 Be5 28.Be3
Nd5 29.Bd4 Nb6 30.Qc5 Bxd4 31.Qxd4 f6 32.g4 Qd5 33.Qxd5+ cxd5 34.Rd3 c6 
35.Kf1 Nc8 36.f3 Kf7 37.c4 Rd8 38.c5 Kg6 39.h4 h5 40.Nd4 Ne7 41.Re3 1-0

[Event "42nd POL-ch (w)"]
[Site "Konin POL"]
[Date "1990.03.??"]
[Round "1"]
[White "Fornal, Agnieszka"]
[Black "Dabrowska, Krystyna"]
[Result "1/2-1/2"]
[WhiteElo "2170"]
[BlackElo "2160"]
[EventDate "1990.03.13"]
[PlyCount "41"]

1.d4 Nf6 2.c4 e6 3.Nc3 Bb4 4.Qc2 c5 5.e3 Nc6 6.Nf3 cxd4 7.exd4 d5 8.Be3 
Bd7 9.a3 Bxc3+ 10.bxc3 Rc8 11.c5 Ne4 12.Bd3 f5 13.O-O O-O 14.Bf4 Qa5 15.
Rfb1 b6 16.cxb6 axb6 17.Rc1 Qa7 18.Qb2 Ra8 19.Ne5 Nxe5 20.Bxe5 Rfc8 21.
Bxe4 1/2-1/2

[Event "42nd POL-ch (w)"]
[Site "Konin POL"]
[Date "1990.03.??"]
[Round "1"]
[White "Kaczorowska, Barbara"]
[Black "Jagodzinska, Joanna"]
[Result "0-1"]
[WhiteElo "2195"]
[BlackElo "2145"]
[EventDate "1990.03.13"]
[PlyCount "102"]

1.d4 Nf6 2.Nf3 c5 3.e3 g6 4.Be2 Bg7 5.O-O O-O 6.Nbd2 b6 7.c3 Bb7 8.Qc2 Nc6
9.b3 cxd4 10.exd4 Rc8 11.Bb2 Nd5 12.Qe4 Na5 13.c4 Nc3 14.Qd3 Nxe2+ 15.Qxe2
d5 16.Rfe1 dxc4 17.bxc4 Bxf3 18.Qxf3 Nxc4 19.Nxc4 Rxc4 20.Qb3 Rc7 21.Rad1 
Rd7 22.h3 e6 23.g3 Rd5 24.h4 Qd7 25.Rc1 h5 26.Rc4 Rc8 27.Re4 Rxc4 28.Qxc4 
Bf6 29.Rf4 Bg7 30.Re4 Bf6 31.Rf4 Kg7 32.Qb4 Qb5 33.Qa3 a5 34.Kh2 Rf5 35.
Rxf5 Qxf5 36.Qe3 Qc2 37.Ba3 Qxa2 38.Bd6 Qd5 39.Be5 Bxe5 40.dxe5 b5 41.Qf4 
a4 42.g4 hxg4 43.h5 Qf3 44.Qg5 Qxf2+ 45.Kh1 g3 46.h6+ Kh7 47.Qxg3 Qf1+ 48.
Kh2 Kxh6 49.Qc3 Qf4+ 50.Kh3 b4 51.Qc5 Kg7 0-1

[Event "42nd POL-ch (w)"]
[Site "Konin POL"]
[Date "1990.03.??"]
[Round "1"]
[White "Leszner-Bakalarz, Liliana"]
[Black "Zietek-Czerwonska, Beata"]
[Result "1/2-1/2"]
[WhiteElo "2175"]
[BlackElo "2095"]
[EventDate "1990.03.13"]
[PlyCount "87"]

1.e4 c5 2.Nf3 Nc6 3.b3 d6 4.Bb2 Nf6 5.Nc3 e6 6.d4 cxd4 7.Nxd4 a6 8.Be2 Bd7
9.O-O b5 10.a3 Qb6 11.Nf3 Be7 12.Qd3 O-O 13.Rad1 Rfd8 14.h3 Qb7 15.Qe3 
Rac8 16.Rd2 Be8 17.Nh2 b4 18.axb4 Nxb4 19.Qg3 Bc6 20.Ng4 Nxg4 21.Bxg4 Bf6 
22.Rfd1 d5 23.exd5 Nxd5 24.Bf3 Re8 25.Na4 Bxb2 26.Nxb2 Nc3 27.Bxc6 Qxc6 
28.Re1 Ne4 29.Rxe4 Qxe4 30.Nd3 Red8 31.Kh2 Rd5 32.c4 Rd4 33.Nc5 Qf4 34.
Qxf4 Rxf4 35.Nxa6 h5 36.c5 Rc6 37.Ra2 Rf5 38.b4 Kf8 39.b5 Rcxc5 40.Nxc5 
Rxc5 41.Ra8+ Ke7 42.Ra7+ Kf6 43.Rb7 h4 44.g3 1/2-1/2

[Event "42nd POL-ch (w)"]
[Site "Konin POL"]
[Date "1990.03.??"]
[Round "1"]
[White "Lissowska, Anna"]
[Black "Detko, Joanna"]
[Result "0-1"]
[WhiteElo "2220"]
[BlackElo "2090"]
[EventDate "1990.03.13"]
[PlyCount "56"]

1.d4 Nf6 2.c4 c5 3.d5 b5 4.cxb5 a6 5.f3 axb5 6.e4 d6 7.Bxb5+ Nfd7 8.a4 Ba6
9.Na3 g6 10.Ne2 Bg7 11.O-O O-O 12.Nc3 Nb6 13.Re1 Bxb5 14.Naxb5 Na6 15.Rb1 
Nc7 16.b3 Nxb5 17.Nxb5 c4 18.Nd4 cxb3 19.Nc6 Qd7 20.Qxb3 Nxa4 21.Qb7 Qxb7 
22.Rxb7 e6 23.Rd7 exd5 24.exd5 Rfe8 25.Rxe8+ Rxe8 26.Bf4 Nb6 27.Rxd6 Bf8 
28.Ne7+ Bxe7 0-1

[Event "42nd POL-ch (w)"]
[Site "Konin POL"]
[Date "1990.03.??"]
[Round "1"]
[White "Majtyka, Bozena"]
[Black "Sikora-Gizynska, Bozena"]
[Result "0-1"]
[WhiteElo "2090"]
[BlackElo "2230"]
[EventDate "1990.03.13"]
[PlyCount "72"]

1.e4 c5 2.Nf3 Nc6 3.d4 cxd4 4.Nxd4 e5 5.Nb5 d6 6.c4 Be7 7.N1c3 a6 8.Na3 
Be6 9.Nc2 Rc8 10.b3 Nf6 11.Bd3 O-O 12.O-O Nd7 13.Nd5 Nc5 14.Nce3 Bg5 15.
Bb2 Ne7 16.Bc2 b5 17.b4 Nd7 18.cxb5 axb5 19.Bb3 Nb6 20.Nxb6 Qxb6 21.Bxe6 
fxe6 22.Qg4 Bxe3 23.Qxe6+ Kh8 24.Qxe7 Bxf2+ 25.Kh1 Rce8 26.Qd7 Rd8 27.Qe6 
Qe3 28.Qd5 Qe2 29.Bc3 Rf4 30.Bxe5 Rff8 31.Bc3 Rc8 32.Qxd6 Qxe4 33.Qd2 Be3 
34.Rxf8+ Rxf8 35.Qe2 Rf2 36.Qxe3 Qxg2# 0-1

[Event "42nd POL-ch (w)"]
[Site "Konin POL"]
[Date "1990.03.??"]
[Round "1"]
[White "Wierzbicka, Ewa"]
[Black "Swiecik, Iwona"]
[Result "0-1"]
[WhiteElo "2030"]
[BlackElo "2165"]
[EventDate "1990.03.13"]
[PlyCount "59"]

1.e4 c5 2.Nc3 Nc6 3.g3 g6 4.Bg2 Bg7 5.d3 e6 6.Be3 d6 7.f4 Nge7 8.Nf3 Nd4 
9.O-O Rb8 10.g4 f5 11.gxf5 exf5 12.Kh1 O-O 13.Qd2 b5 14.Rae1 b4 15.Nd1 Qa5
16.a3 Nec6 17.axb4 Qxb4 18.c3 Nxf3 19.Bxf3 Qb5 20.Qg2 Ne7 21.e5 dxe5 22.
fxe5 Be6 23.d4 f4 24.Bc1 cxd4 25.cxd4 Qd7 26.Qf2 Nf5 27.Bg2 Nxd4 28.Re4 f3
29.Qxd4 fxg2+ 30.Kxg2 0-1

[Event "42nd POL-ch (w)"]
[Site "Konin POL"]
[Date "1990.03.??"]
[Round "2"]
[White "Swiecik, Iwona"]
[Black "Majtyka, Bozena"]
[Result "1-0"]
[WhiteElo "2165"]
[BlackElo "2090"]
[EventDate "1990.03.13"]
[PlyCount "62"]

1.e4 c5 2.Nf3 d6 3.d4 cxd4 4.Nxd4 Nf6 5.Nc3 a6 6.Be3 e5 7.Nf3 Be7 8.Bc4 
Qc7 9.Bb3 b5 10.a4 bxa4 11.Rxa4 Bb7 12.Rc4 Qd8 13.Rb4 Bc6 14.Bb6 Qc8 15.
Nd5 Nxd5 16.exd5 Bb5 17.c4 Bd7 18.c5 dxc5 19.Rc4 Bb5 20.d6 Bxc4 21.Bxc4 
Qb7 22.dxe7 Qxb6 23.Qd5 Kxe7 24.Qxf7+ Kd8 25.Qd5+ Kc8 26.Qxa8 Qb4+ 27.Nd2 
Rd8 28.Bd5 Rd7 29.O-O Qb6 30.Nc4 Qa7 31.Nd6+ Kd8 1-0

[Event "42nd POL-ch (w)"]
[Site "Konin POL"]
[Date "1990.03.??"]
[Round "2"]
[White "Detko, Joanna"]
[Black "Fornal, Agnieszka"]
[Result "1-0"]
[WhiteElo "2090"]
[BlackElo "2170"]
[EventDate "1990.03.13"]
[PlyCount "81"]

1.e4 c6 2.d4 d5 3.Nc3 dxe4 4.Nxe4 Bf5 5.Ng3 Bg6 6.Bc4 e6 7.N1e2 Nf6 8.O-O 
Bd6 9.f4 Qc7 10.c3 Nbd7 11.Bd3 O-O 12.f5 exf5 13.Bf4 Nd5 14.Qd2 Nxf4 15.
Nxf4 Nf6 16.Nxf5 Bxf4 17.Qxf4 Qxf4 18.Ne7+ Kh8 19.Nxg6+ hxg6 20.Rxf4 Rae8 
21.Raf1 Re3 22.R1f3 Rxf3 23.Rxf3 Re8 24.Bc4 Kg8 25.a4 Re7 26.h3 Nd5 27.Kf2
Kf8 28.Bxd5 cxd5 29.Re3 Rd7 30.Ke2 f6 31.Kd3 Kf7 32.c4 dxc4+ 33.Kxc4 g5 
34.Re2 b6 35.a5 bxa5 36.Kc5 Re7 37.Rxe7+ Kxe7 38.Kc6 f5 39.d5 g4 40.hxg4 
fxg4 41.Kc7 1-0

[Event "42nd POL-ch (w)"]
[Site "Konin POL"]
[Date "1990.03.??"]
[Round "2"]
[White "Jagodzinska, Joanna"]
[Black "Leszner-Bakalarz, Liliana"]
[Result "1-0"]
[WhiteElo "2145"]
[BlackElo "2175"]
[EventDate "1990.03.13"]
[PlyCount "47"]

1.e4 g6 2.d4 Bg7 3.Nc3 d6 4.Nf3 Nf6 5.Be2 O-O 6.O-O Nc6 7.d5 Ne5 8.Nxe5 
dxe5 9.Be3 e6 10.Bc5 Re8 11.d6 c6 12.a4 Bf8 13.Qd2 Nd7 14.Be3 f5 15.exf5 
exf5 16.Bc4+ Kg7 17.Bh6+ Kh8 18.Bg5 Qa5 19.Bf7 Rd8 20.b4 Qxb4 21.Bxd8 Bxd6
22.Rab1 Qc5 23.Rfd1 Bf8 24.Be6 1-0

[Event "42nd POL-ch (w)"]
[Site "Konin POL"]
[Date "1990.03.??"]
[Round "2"]
[White "Klusek, Danuta"]
[Black "Wierzbicka, Ewa"]
[Result "1-0"]
[WhiteElo "2150"]
[BlackElo "2030"]
[EventDate "1990.03.13"]
[PlyCount "81"]

1.e4 c5 2.Nf3 d6 3.d4 cxd4 4.Nxd4 Nf6 5.Nc3 a6 6.Be2 e5 7.Nb3 Be7 8.O-O 
O-O 9.Be3 Be6 10.Qd2 b5 11.a4 b4 12.Nd5 Nxe4 13.Nxe7+ Qxe7 14.Qxb4 f5 15.
Na5 Rc8 16.Bf3 Bd5 17.Rfd1 Nc6 18.Qe1 Qe6 19.Nxc6 Bxc6 20.a5 f4 21.Bb6 Ng5
22.Bxc6 Rxc6 23.Qd2 Rac8 24.c3 Qg4 25.Qd5+ Kh8 26.f3 Qf5 27.Rac1 h5 28.Rd2
h4 29.h3 Qg6 30.Kf1 Nh7 31.Bf2 Nf6 32.Qd3 Qg5 33.Qe2 Qh6 34.Rcd1 Ne8 35.
Qe4 g5 36.Qf5 Qf6 37.Qxf6+ Nxf6 38.Rxd6 Kg7 39.Bb6 e4 40.Bd8 Rxd6 41.Rxd6 
1-0

[Event "42nd POL-ch (w)"]
[Site "Konin POL"]
[Date "1990.03.??"]
[Round "2"]
[White "Grochot, Czeslawa"]
[Black "Sikora-Gizynska, Bozena"]
[Result "0-1"]
[WhiteElo "2050"]
[BlackElo "2230"]
[EventDate "1990.03.13"]
[PlyCount "78"]

1.e4 c5 2.Nf3 Nc6 3.d4 cxd4 4.Nxd4 e5 5.Nb5 d6 6.c4 Be7 7.Be2 Be6 8.O-O a6
9.N5c3 Nf6 10.Be3 O-O 11.Nd2 Nd7 12.Nb3 f5 13.exf5 Bxf5 14.Bg4 Bxg4 15.
Qxg4 Rf6 16.Rad1 Rg6 17.Qh3 Qe8 18.Ne4 Rd8 19.Qf5 Nf8 20.Rd2 b5 21.cxb5 
axb5 22.Rfd1 Nb4 23.a3 Na6 24.f4 b4 25.fxe5 dxe5 26.Rxd8 Bxd8 27.Qc8 Qf7 
28.Rxd8 Qf3 29.Bg5 Qf7 30.Re8 Nc7 31.Rxf8+ Qxf8 32.Qxc7 h6 33.Nbd2 hxg5 
34.axb4 g4 35.Qxe5 Qd8 36.b5 Qd3 37.Ng5 Rf6 38.Qe8+ Rf8 39.Qe6+ Kh8 0-1

[Event "42nd POL-ch (w)"]
[Site "Konin POL"]
[Date "1990.03.??"]
[Round "2"]
[White "Wiese-Jozwiak, Malgorzata"]
[Black "Kaczorowska, Barbara"]
[Result "1/2-1/2"]
[WhiteElo "2225"]
[BlackElo "2195"]
[EventDate "1990.03.13"]
[PlyCount "89"]

1.e4 c6 2.d4 d5 3.Nd2 dxe4 4.Nxe4 Bf5 5.Ng3 Bg6 6.N1e2 Nf6 7.c3 e5 8.Qb3 
b5 9.dxe5 Ng4 10.h3 Nxe5 11.Nf4 Bc5 12.Nxg6 hxg6 13.Ne4 Nbd7 14.Be2 O-O 
15.O-O Be7 16.Bf4 Qb6 17.Rad1 Rad8 18.Qc2 Rfe8 19.Nd6 Rf8 20.Ne4 a6 21.b3 
Rfe8 22.Be3 c5 23.Rd5 Qe6 24.Rfd1 c4 25.bxc4 bxc4 26.R5d4 Nb6 27.Nc5 Qc8 
28.Na4 Nxa4 29.Qxa4 Bf6 30.Bf1 Qe6 31.Bf4 Nd3 32.Bxd3 cxd3 33.R4xd3 Rxd3 
34.Rxd3 Rc8 35.Re3 Qf5 36.Qxa6 Rd8 37.Qc4 g5 38.Bc7 Rd1+ 39.Kh2 Qxf2 40.
Re8+ Kh7 41.Re2 Qf1 42.Qe4+ g6 43.Qf3 Qxf3 44.gxf3 Bxc3 45.a3 1/2-1/2

[Event "42nd POL-ch (w)"]
[Site "Konin POL"]
[Date "1990.03.??"]
[Round "2"]
[White "Zietek-Czerwonska, Beata"]
[Black "Lissowska, Anna"]
[Result "1/2-1/2"]
[WhiteElo "2095"]
[BlackElo "2220"]
[EventDate "1990.03.13"]
[PlyCount "53"]

1.Nf3 d5 2.b3 Nf6 3.Bb2 c6 4.e3 Bg4 5.c4 e6 6.Be2 Nbd7 7.Nc3 Bd6 8.Rc1 O-O
9.O-O a6 10.cxd5 cxd5 11.h3 Bh5 12.d4 Rc8 13.Nb1 Rxc1 14.Qxc1 Ne4 15.Ba3 
Qa5 16.Bxd6 Nxd6 17.Qd2 Qxd2 18.Nbxd2 Rc8 19.Ra1 Bxf3 20.Nxf3 Ne4 21.Bd3 
f5 22.Kf1 h6 23.Ke2 Kf7 24.Ng1 Ke7 25.f3 Nd6 26.g4 g5 27.Rd1 1/2-1/2

[Event "42nd POL-ch (w)"]
[Site "Konin POL"]
[Date "1990.03.??"]
[Round "3"]
[White "Erenska-Radzewska, Hanna"]
[Black "Detko, Joanna"]
[Result "0-1"]
[WhiteElo "2270"]
[BlackElo "2090"]
[EventDate "1990.03.13"]
[PlyCount "154"]

1.e4 e5 2.Nf3 Nc6 3.c3 Nf6 4.d4 Nxe4 5.d5 Ne7 6.Nxe5 Ng6 7.Bd3 Nc5 8.Bxg6 
hxg6 9.Nf3 d6 10.b4 Nd7 11.Bg5 Be7 12.Qe2 Nb6 13.c4 Nxc4 14.Qxc4 Bxg5 15.
O-O Bd7 16.Re1+ Be7 17.Nc3 O-O 18.Rac1 c6 19.Nd4 Rc8 20.Qd3 c5 21.bxc5 
Rxc5 22.Nb3 Rc8 23.Ne4 Rxc1 24.Rxc1 Bf5 25.Qf3 Qd7 26.h3 Rc8 27.Rxc8+ Qxc8
28.g4 Bxe4 29.Qxe4 Bf6 30.Kg2 g5 31.Qb4 Qc7 32.Qb5 Qe7 33.Kf3 Bc3 34.Qc4 
Be1 35.Qc8+ Kh7 36.Qc2+ g6 37.Kg2 Qe5 38.Kf1 Bb4 39.Qd1 Qe4 40.Qd4 Qxd4 
41.Nxd4 Kg7 42.Nb3 Kf6 43.Nc1 Bc3 44.Nd3 Be5 45.Ke2 Ke7 46.Kd2 Kd7 47.Kc2 
Kc7 48.Kb3 Bf6 49.Kb4 Kb6 50.f3 Bd4 51.Nc1 Bf2 52.Nd3 Be3 53.Nb2 Bd2+ 54.
Kc4 Ka5 55.Kb3 Kb5 56.Nd3 Be3 57.Kc3 Bg1 58.Kb3 Bd4 59.a3 Bf6 60.Nf2 Be5 
61.Nd3 Bd4 62.a4+ Ka5 63.f4 gxf4 64.Nxf4 b5 65.Nd3 Bf6 66.Nb4 bxa4+ 67.Kc4
a3 68.Na2 Kb6 69.Kb4 g5 70.Kxa3 Kc5 71.Nb4 a5 72.Nc6 Kxd5 73.Nxa5 Ke4 74.
Kb3 Kf3 75.Nc4 Be5 76.Nd2+ Kg2 77.Ne4 f6 0-1

[Event "42nd POL-ch (w)"]
[Site "Konin POL"]
[Date "1990.03.??"]
[Round "3"]
[White "Fornal, Agnieszka"]
[Black "Zietek-Czerwonska, Beata"]
[Result "0-1"]
[WhiteElo "2170"]
[BlackElo "2095"]
[EventDate "1990.03.13"]
[PlyCount "80"]

1.d4 Nf6 2.c4 d6 3.Nc3 Nbd7 4.Nf3 g6 5.Bf4 Bg7 6.e3 O-O 7.h3 Re8 8.Be2 e5 
9.Bg5 h6 10.Bh4 c6 11.O-O Qe7 12.Qc2 Nf8 13.d5 e4 14.Nd2 g5 15.Bg3 Bf5 16.
Rac1 a6 17.Rfd1 c5 18.a3 Bg6 19.b4 N6d7 20.Nb3 b6 21.bxc5 bxc5 22.Na5 f5 
23.Nc6 Qf6 24.Qd2 Bf7 25.Rf1 Ng6 26.f3 exf3 27.Rxf3 Nge5 28.Bxe5 Nxe5 29.
Nxe5 Qxe5 30.Kh1 g4 31.hxg4 fxg4 32.Rxf7 Qh5+ 33.Kg1 Kxf7 34.Rf1+ Kg8 35.
Rf4 Qe5 36.Nd1 h5 37.Bd3 Bh6 38.Re4 Qf6 39.Nf2 g3 40.Rxe8+ Rxe8 0-1

[Event "42nd POL-ch (w)"]
[Site "Konin POL"]
[Date "1990.03.??"]
[Round "3"]
[White "Kaczorowska, Barbara"]
[Black "Grochot, Czeslawa"]
[Result "1-0"]
[WhiteElo "2195"]
[BlackElo "2050"]
[EventDate "1990.03.13"]
[PlyCount "73"]

1.e4 c5 2.Nf3 e6 3.d4 cxd4 4.Nxd4 Nf6 5.Nc3 d6 6.Bc4 Be7 7.Bb3 O-O 8.Be3 
a6 9.a4 Qc7 10.f4 Nc6 11.O-O Bd7 12.f5 Nxd4 13.Bxd4 e5 14.Be3 Bc6 15.Qf3 
b5 16.a5 b4 17.Nd5 Bxd5 18.exd5 Nd7 19.Ba4 Bf6 20.Bc6 e4 21.Qe2 Rac8 22.
Qxa6 Nb8 23.Qc4 Nxc6 24.dxc6 Qxc6 25.Qxb4 Qxc2 26.Qxd6 Rfd8 27.Qg3 Qxb2 
28.Rab1 Qa3 29.Bb6 Qxg3 30.hxg3 Bd4+ 31.Bxd4 Rxd4 32.a6 Ra4 33.Ra1 Rxa1 
34.Rxa1 g6 35.a7 Ra8 36.f6 Kf8 37.Rb1 1-0

[Event "42nd POL-ch (w)"]
[Site "Konin POL"]
[Date "1990.03.??"]
[Round "3"]
[White "Leszner-Bakalarz, Liliana"]
[Black "Wiese-Jozwiak, Malgorzata"]
[Result "0-1"]
[WhiteElo "2175"]
[BlackElo "2225"]
[EventDate "1990.03.13"]
[PlyCount "48"]

1.e4 d5 2.exd5 Qxd5 3.Nc3 Qa5 4.d4 Nf6 5.Nf3 Bg4 6.h3 Bh5 7.g4 Bg6 8.Ne5 
e6 9.h4 Bb4 10.Rh3 Bxc3+ 11.bxc3 Nbd7 12.Nxd7 Nxd7 13.Bg2 h5 14.Bxb7 Rd8 
15.Bc6 O-O 16.Rg3 Ne5 17.gxh5 Bxh5 18.Qd2 Nxc6 19.Rg5 Rd5 20.Rxg7+ Kxg7 
21.Qh6+ Kg8 22.Bd2 Qb5 23.f3 Bxf3 24.Qe3 Qe2+ 0-1

[Event "42nd POL-ch (w)"]
[Site "Konin POL"]
[Date "1990.03.??"]
[Round "3"]
[White "Lissowska, Anna"]
[Black "Jagodzinska, Joanna"]
[Result "1/2-1/2"]
[WhiteElo "2220"]
[BlackElo "2145"]
[EventDate "1990.03.13"]
[PlyCount "80"]

1.d4 Nf6 2.c4 c5 3.d5 e6 4.Nc3 exd5 5.cxd5 d6 6.e4 g6 7.Nf3 Bg7 8.Nd2 O-O 
9.Be2 Re8 10.O-O Nbd7 11.a4 Ne5 12.f3 g5 13.Nc4 Nxc4 14.Bxc4 Nh5 15.Ne2 a6
16.g4 Nf4 17.Nxf4 gxf4 18.Qc2 Be5 19.Kg2 h5 20.h3 Qh4 21.Qf2 Qf6 22.Rh1 
Bd7 23.a5 Kg7 24.Ra3 Rad8 25.Rb3 Bc8 26.Kf1 Rh8 27.g5 Qe7 28.Qh4 f6 29.
Bxf4 Bxf4 30.Qxf4 fxg5 31.Qg3 h4 32.Qe1 Rhf8 33.Qc3+ Qf6 34.Kg2 Qxc3 35.
Rxc3 Kf6 36.Kf2 Ke5 37.Ke3 Rf7 38.Be2 Bd7 39.Rb3 Bc8 40.Rb6 Rff8 1/2-1/2

[Event "42nd POL-ch (w)"]
[Site "Konin POL"]
[Date "1990.03.??"]
[Round "3"]
[White "Majtyka, Bozena"]
[Black "Klusek, Danuta"]
[Result "1/2-1/2"]
[WhiteElo "2090"]
[BlackElo "2150"]
[EventDate "1990.03.13"]
[PlyCount "63"]

1.e4 Nf6 2.Nc3 d5 3.e5 Nfd7 4.d4 e6 5.f4 c5 6.Nf3 Nc6 7.Ne2 Qa5+ 8.c3 Be7 
9.dxc5 Qxc5 10.Ned4 Nxd4 11.cxd4 Qb6 12.Bd3 f5 13.O-O O-O 14.Rf2 Nb8 15.
Be3 Nc6 16.Rc1 Bd7 17.Bb1 Rac8 18.Rfc2 Rc7 19.Nd2 Rfc8 20.Nb3 Nb4 21.Rxc7 
Rxc7 22.Rxc7 Qxc7 23.a3 Na6 24.Qc1 Qxc1+ 25.Nxc1 Bb5 26.Bc2 Nb8 27.Na2 Ba6
28.Bd2 Nc6 29.Bc3 Kf7 30.Kf2 Bc4 31.Nc1 Bd8 32.Ke3 1/2-1/2

[Event "42nd POL-ch (w)"]
[Site "Konin POL"]
[Date "1990.03.??"]
[Round "3"]
[White "Sikora-Gizynska, Bozena"]
[Black "Swiecik, Iwona"]
[Result "1-0"]
[WhiteElo "2230"]
[BlackElo "2165"]
[EventDate "1990.03.13"]
[PlyCount "70"]

1.e4 c5 2.Nf3 Nc6 3.Bb5 g6 4.O-O Bg7 5.Re1 Nf6 6.e5 Nd5 7.Nc3 Nc7 8.Bxc6 
dxc6 9.Ne4 Ne6 10.d3 O-O 11.Be3 b6 12.Qd2 Nd4 13.Nxd4 cxd4 14.Bh6 Qd5 15.
Bxg7 Kxg7 16.Qg5 Qe6 17.Ng3 h6 18.Qh4 c5 19.f4 Re8 20.f5 gxf5 21.Nh5+ Kh7 
22.Nf4 Qc6 23.Rf1 Qc7 24.Rae1 Rg8 25.Rf3 Rg4 26.Qh5 Rg5 27.Qxf7+ Rg7 28.
Qh5 Rg5 29.Qh3 Qc6 30.Rg3 Rxg3 31.hxg3 c4 32.e6 Qe8 33.Qxf5+ Kg7 34.Nh5+ 
Kg8 35.Qg4+ Kh8 1-0

[Event "42nd POL-ch (w)"]
[Site "Konin POL"]
[Date "1990.03.??"]
[Round "4"]
[White "Dabrowska, Krystyna"]
[Black "Majtyka, Bozena"]
[Result "1-0"]
[WhiteElo "2160"]
[BlackElo "2090"]
[EventDate "1990.03.13"]
[PlyCount "80"]

1.e4 e5 2.Nf3 Nc6 3.Bb5 a6 4.Ba4 Nf6 5.O-O Be7 6.Re1 b5 7.Bb3 d6 8.c3 O-O 
9.h3 Be6 10.d4 Bxb3 11.Qxb3 Rb8 12.Nbd2 a5 13.Nf1 a4 14.Qc2 exd4 15.cxd4 
Nb4 16.Qe2 c5 17.dxc5 dxc5 18.a3 Nd3 19.Rd1 c4 20.Ne1 Nxc1 21.Raxc1 Qc8 
22.Ng3 Bc5 23.Nf3 Qb7 24.e5 Rfe8 25.Qc2 Nd7 26.Qf5 Nf8 27.Ne4 Qa7 28.Rd5 
Be7 29.Rcd1 h6 30.Nd4 Qa6 31.Qg4 Qg6 32.Qxg6 Nxg6 33.Nd6 Bxd6 34.exd6 b4 
35.d7 Rf8 36.Nc6 Rbd8 37.Nxd8 Rxd8 38.axb4 Nf4 39.Rc5 Kf8 40.Rxc4 Ne6 1-0

[Event "42nd POL-ch (w)"]
[Site "Konin POL"]
[Date "1990.03.??"]
[Round "4"]
[White "Detko, Joanna"]
[Black "Wierzbicka, Ewa"]
[Result "1/2-1/2"]
[WhiteElo "2090"]
[BlackElo "2030"]
[EventDate "1990.03.13"]
[PlyCount "168"]

1.e4 c5 2.Nf3 e6 3.d4 cxd4 4.Nxd4 a6 5.Bd3 Nf6 6.Nc3 Qc7 7.O-O Nc6 8.Nb3 
b5 9.a3 Be7 10.Be3 O-O 11.Kh1 d6 12.f4 Bb7 13.Qe1 Rad8 14.Nd4 Nxd4 15.Bxd4
e5 16.Bg1 exf4 17.Rxf4 d5 18.e5 Nd7 19.Bd4 Nc5 20.Rg4 Ne6 21.Qg3 g6 22.Re1
Rfe8 23.Rf1 Bf8 24.Ne2 Nxd4 25.Nxd4 Qxe5 26.Rgf4 Rd7 27.c3 Bh6 28.R4f3 
Qxg3 29.Rxg3 Re3 30.Nf5 Rxg3 31.Nxh6+ Kg7 32.Nf5+ gxf5 33.hxg3 d4 34.Bxf5 
Rd5 35.cxd4 Rxd4 36.Rf2 Rd6 37.Bg4 Rg6 38.Bh5 Rf6 39.Rc2 Rh6 40.g4 Be4 41.
Rd2 Rf6 42.Kh2 h6 43.Kg3 Rf1 44.Kh4 a5 45.Kg3 a4 46.Rd4 Bc6 47.Rd2 Re1 48.
Rf2 Bd5 49.g5 hxg5 50.Rf5 Bc4 51.Rxg5+ Kf6 52.Rg4 Re3+ 53.Kh4 Kf5 54.Rd4 
Ke5 55.Rd2 f5 56.Bf3 Kf4 57.Rd4+ Ke5 58.Rd2 Rd3 59.Rc2 Kf4 60.Be2 Rd4 61.
Bxc4 Rxc4 62.Rxc4+ bxc4 63.g3+ Ke3 64.Kg5 Kd2 65.Kxf5 Kc2 66.g4 Kxb2 67.g5
c3 68.g6 c2 69.g7 c1=Q 70.g8=Q Kxa3 71.Qd5 Qc3 72.Kg5 Kb2 73.Kh5 a3 74.
Qb5+ Kc2 75.Qe2+ Kb3 76.Qb5+ Qb4 77.Qd3+ Ka4 78.Qd1+ Ka5 79.Qd8+ Kb5 80.
Qe8+ Kc5 81.Qe7+ Kc4 82.Qe4+ Kb3 83.Qb1+ Ka4 84.Qd1+ Qb3 1/2-1/2

[Event "42nd POL-ch (w)"]
[Site "Konin POL"]
[Date "1990.03.??"]
[Round "4"]
[White "Jagodzinska, Joanna"]
[Black "Fornal, Agnieszka"]
[Result "0-1"]
[WhiteElo "2145"]
[BlackElo "2170"]
[EventDate "1990.03.13"]
[PlyCount "48"]

1.e4 c6 2.d4 d5 3.Nd2 dxe4 4.Nxe4 Bf5 5.Ng3 Bg6 6.h4 h6 7.f4 Nf6 8.h5 Bh7 
9.Nf3 e6 10.Bd3 Bxd3 11.Qxd3 Qc7 12.Bd2 Nbd7 13.Ne5 c5 14.O-O-O cxd4 15.
Qxd4 Bc5 16.Qa4 O-O 17.Nxd7 Nxd7 18.Ne4 Rac8 19.Kb1 Nb6 20.Qb3 Be7 21.Rc1 
Nc4 22.Be3 Rfd8 23.g4 Qc6 24.Ng3 Qf3 0-1

[Event "42nd POL-ch (w)"]
[Site "Konin POL"]
[Date "1990.03.??"]
[Round "4"]
[White "Kaczorowska, Barbara"]
[Black "Leszner-Bakalarz, Liliana"]
[Result "0-1"]
[WhiteElo "2195"]
[BlackElo "2175"]
[EventDate "1990.03.13"]
[PlyCount "84"]

1.e4 c5 2.Nf3 d6 3.d4 cxd4 4.Nxd4 Nf6 5.Nc3 a6 6.Bc4 e6 7.Be3 b5 8.Bd3 Bb7
9.a3 Be7 10.O-O O-O 11.f4 Nbd7 12.Qf3 Nc5 13.Rae1 Rc8 14.Kh1 Rc7 15.Bg1 
Qa8 16.Re2 Rfc8 17.Rfe1 Bf8 18.Qh3 e5 19.Nf5 Ne6 20.fxe5 Nf4 21.Qh4 dxe5 
22.Re3 Rd7 23.Qg5 Rc6 24.Nh4 Re6 25.Nd1 h6 26.Qg3 Bc5 27.Nf5 N6h5 28.Qg4 
Qd8 29.g3 Rg6 30.Qf3 Bxe3 31.Bxe3 Nxd3 32.cxd3 Nf6 33.Nf2 Rxd3 34.Kg1 Rb3 
35.Rd1 Nd7 36.Nd6 Qf6 37.Qe2 Bc6 38.Nf5 Bxe4 39.Nh4 Qxh4 40.Rxd7 Rxg3+ 41.
hxg3 Qxg3+ 42.Kf1 Bg2+ 0-1

[Event "42nd POL-ch (w)"]
[Site "Konin POL"]
[Date "1990.03.??"]
[Round "4"]
[White "Klusek, Danuta"]
[Black "Sikora-Gizynska, Bozena"]
[Result "0-1"]
[WhiteElo "2150"]
[BlackElo "2230"]
[EventDate "1990.03.13"]
[PlyCount "80"]

1.e4 c5 2.Nf3 e6 3.d4 cxd4 4.Nxd4 a6 5.Nc3 Qc7 6.Be2 Nc6 7.O-O Nf6 8.Kh1 
Nxd4 9.Qxd4 Bc5 10.Qd3 b5 11.f4 Bb7 12.Bf3 O-O 13.e5 Ne8 14.Bxb7 Qxb7 15.
Ne4 Be7 16.Be3 Rd8 17.Bc5 Bxc5 18.Nxc5 Qc6 19.Ne4 Rc8 20.c3 f6 21.Rad1 Rc7
22.Qe3 a5 23.h3 a4 24.a3 Qc4 25.Kg1 Qc6 26.Rd2 Qa6 27.Rfd1 Rf7 28.Nd6 Nxd6
29.Rxd6 Qc8 30.Rb6 fxe5 31.fxe5 Rb7 32.Rbd6 Rc7 33.Rf1 Rxf1+ 34.Kxf1 Rc4 
35.Rd2 Qb7 36.Qg5 Rc8 37.Qe7 Rf8+ 38.Kg1 Qe4 39.Qg5 Qe1+ 40.Kh2 h6 0-1

[Event "42nd POL-ch (w)"]
[Site "Konin POL"]
[Date "1990.03.??"]
[Round "4"]
[White "Grochot, Czeslawa"]
[Black "Swiecik, Iwona"]
[Result "0-1"]
[WhiteElo "2050"]
[BlackElo "2165"]
[EventDate "1990.03.13"]
[PlyCount "114"]

1.e4 c5 2.Nf3 Nc6 3.d4 cxd4 4.Nxd4 Nf6 5.Nc3 e5 6.Ndb5 d6 7.Bg5 a6 8.Na3 
b5 9.Nd5 Be7 10.Bxf6 Bxf6 11.c3 O-O 12.Nc2 Rb8 13.Bd3 Bg5 14.O-O Be6 15.
Nce3 a5 16.Bc2 g6 17.Kh1 Bh6 18.f4 exf4 19.Nxf4 Bc4 20.Nxc4 bxc4 21.b3 Ne5
22.Qe2 Qh4 23.Qf2 Qxf2 24.Rxf2 Ng4 25.Rf3 Bxf4 26.Rxf4 Ne3 27.Bd1 Nxd1 28.
Rxd1 cxb3 29.axb3 Rxb3 30.h3 Rb6 31.Rf6 Re8 32.Rdxd6 Rxd6 33.Rxd6 Rxe4 34.
Ra6 a4 35.Kg1 Kg7 36.Kf2 Kh6 37.Ra7 Kg5 38.Kf3 f5 39.g3 Kf6 40.Kf2 h6 41.
Ra6+ Kg5 42.Rc6 f4 43.h4+ Kf5 44.g4+ Kxg4 45.Rxg6+ Kxh4 46.Rxh6+ Kg5 47.
Ra6 Kf5 48.Rc6 Re6 49.Rc4 Ra6 50.Kf3 a3 51.Rxf4+ Ke5 52.Re4+ Kd5 53.c4+ 
Kc5 54.Re5+ Kxc4 55.Re4+ Kd5 56.Re1 a2 57.Ra1 Kc4 0-1

[Event "42nd POL-ch (w)"]
[Site "Konin POL"]
[Date "1990.03.??"]
[Round "4"]
[White "Wiese-Jozwiak, Malgorzata"]
[Black "Lissowska, Anna"]
[Result "1-0"]
[WhiteElo "2225"]
[BlackElo "2220"]
[EventDate "1990.03.13"]
[PlyCount "103"]

1.e4 e6 2.d4 d5 3.Nc3 Nf6 4.Bg5 Be7 5.e5 Nfd7 6.Bxe7 Qxe7 7.f4 O-O 8.Nf3 
c5 9.Qd2 f6 10.exf6 Qxf6 11.g3 Nc6 12.O-O-O a6 13.dxc5 Nxc5 14.Bg2 Rd8 15.
Nd4 Bd7 16.Rhe1 Be8 17.g4 Ne4 18.g5 Qf7 19.Nxe4 dxe4 20.Rxe4 e5 21.fxe5 
Qxa2 22.Qc3 Bh5 23.Rf1 Qa1+ 24.Kd2 Qa4 25.Ke3 Ne7 26.Qb3+ Nd5+ 27.Kf2 Qxb3
28.Nxb3 Rac8 29.c3 Bg6 30.Rd4 Rf8+ 31.Kg3 Rxf1 32.Bxf1 Ne3 33.Bh3 Bf5 34.
Kf4 Bxh3 35.Kxe3 Re8 36.Kf4 Kf7 37.Rd6 Rc8 38.Nd4 Ke7 39.Rb6 Rc7 40.g6 h6 
41.Nf5+ Bxf5 42.Kxf5 Rd7 43.Re6+ Kf8 44.Rd6 Ke7 45.Rxd7+ Kxd7 46.h4 h5 47.
Kg5 Ke6 48.Kxh5 Kxe5 49.Kg5 Ke6 50.h5 Ke7 51.h6 Kf8 52.h7 1-0

[Event "42nd POL-ch (w)"]
[Site "Konin POL"]
[Date "1990.03.??"]
[Round "4"]
[White "Zietek-Czerwonska, Beata"]
[Black "Erenska-Radzewska, Hanna"]
[Result "1/2-1/2"]
[WhiteElo "2095"]
[BlackElo "2270"]
[EventDate "1990.03.13"]
[PlyCount "22"]

1.Nf3 Nf6 2.b3 g6 3.Bb2 Bg7 4.e3 O-O 5.c4 d6 6.Be2 Nc6 7.a3 e5 8.d3 Bf5 9.
Nbd2 Re8 10.b4 a6 11.O-O Nd7 1/2-1/2